Score 0/20 Timer 02:00
0 Plays Today
Episode Missing Word % Correct
The Soup ______Nazi
95.3%
The Yada ______Yada
92.5%
The ______ BiologistMarine
82.1%
The ______ ShirtPuffy
79.2%
The Serenity ______Now
77.9%
The Junior ______Mint
77.7%
The ______ BoyBubble
76.6%
The Non-Fat ______Yogurt
76.1%
The ______ SaladBig
73.2%
The Cigar Store ______Indian
71.8%
Episode Missing Word % Correct
The ______ DispenserPez
67.7%
The Fusilli ______Jerry
66.4%
The ______ of GeorgeSummer
65.3%
The Muffin ______Tops
63.1%
The ______ DotRed
63.1%
The ______ RestaurantChinese
55.8%
The Smelly ______Car
55.7%
The ______ PeepholeReverse
55.7%
The Butter ______Shave
29.8%
The ______ RemarkPony
27.9%

Today's Daily Dose

Missing Word
'T' Pairs

Word Ladder
Game Pieces

Get the Picture
Baseball Movies

Remove Ads.
Support Sporcle.
Get the best of Sporcle when you Go Orange. This ad-free experience offers more features, more stats, and more fun while also helping to support Sporcle. Thank you for becoming a member.

You're not logged in!

Compare scores with friends on all Sporcle quizzes.
OR
Log In

Show Comments

Extras

Top Quizzes Today


Score Distribution

Your Account Isn't Verified!

In order to create a playlist on Sporcle, you need to verify the email address you used during registration. Go to your Sporcle Settings to finish the process.

Report this User

Report this user for behavior that violates our Community Guidelines.

Details: